Govt. of
Madhya Pradesh

Theory of Computer Science (Record no. 31184)

MARC details
000 -LEADER
fixed length control field 004000000a22001570004500
003 - CONTROL NUMBER IDENTIFIER
control field MACL
040 ## - CATALOGING SOURCE
Original cataloging agency MACL
090 ## - LOCALLY ASSIGNED LC-TYPE CALL NUMBER (OCLC); LOCAL CALL NUMBER (RLIN)
-- 31501
-- 31499
100 ## - MAIN ENTRY--PERSONAL NAME
Personal name Mishra, K L P
245 ## - TITLE STATEMENT
Title Theory of Computer Science
Remainder of title Automata Languages and Computation
260 ## - PUBLICATION, DISTRIBUTION, ETC. (IMPRINT)
Name of publisher, distributor, etc. Prentice Hall of India Private Ltd
Date of publication, distribution, etc. 2002
350 ## - PRICE (NR) (BK AM CF MU VM SE) [OBSOLETE]
Price 150
650 ## - SUBJECT ADDED ENTRY--TOPICAL TERM
Topical term or geographic name as entry element Computer Science
942 ## - ADDED ENTRY ELEMENTS (KOHA)
Koha item type Library Membar
Call number prefix 004/MIS
951 ## - EQUIVALENCE OR CROSS-REFERENCE--GEOGRAPHIC NAME/AREA NAME [OBSOLETE] [CAN/MARC only]
-- 004/MIS BOOK

No items available.